Responses for Show #6043 - Wednesday, December 15, 2010

Tom Nissley game 2.

Contestants

[<< previous game]

Anthony Flores, a campaign consultant from Washington, D.C.

Alexis Hawley, an attorney originally from Winter Park, Florida

Tom Nissley, an online books editor from Seattle, Washington (whose 1-day cash winnings total $24,801)

[next game >>]

Jeopardy! Round responses

ART
ONE FACT AMONG THE FALSE GOSSIP
MALL-EDGE
THE CITY'S MAYOR
LET THE GAMES BEGIN
"D" BRIEFING
    $200 11
a canvas

Tom
    $200 1
(Tom: What is she has 14 toes?)

Miley Cyrus

TomAnthony
    $200 6
(Anthony: What is the Sunglasses Hut?)

Sunglass Hut International

TomAnthony
    $200 16
Chicago

Anthony
    $200 21
war games

Alexis
    $200 26
drywall

Tom
    $400 12
(John) Constable

Tom
    $400 2
Jennifer Aniston

Alexis
    $400 7
Abercrombie & Fitch

Anthony
    $400 17
Washington, D.C.

Anthony
    $400 22
bridge

Triple Stumper
    $400 27
the dead

Anthony
    $600 13
Georgia O'Keeffe

Tom
    $600 3
Will Ferrell

Anthony
    $600 8
Sbarro's

Anthony
    $600 18
Los Angeles

Tom
    $1,000 23
(Alexis: I have no idea.)

the Pan Am games

Alexis
    $600 28
the decathlon

Anthony
    $800 14
Rene Magritte

Triple Stumper
    $800 4
Judi Dench

Anthony
    $800 9
Swarovski

Alexis
    $800 19
New York City

Tom
    $800 24
(Anthony: What are the Special Olympics?)

the Paralympics

AlexisAnthony
    $800 29
a dictatorship

Tom
    $1000 15
(Alexis: What is baroque?)

rococo

TomAlexis
    $1000 5
Taylor Lautner

Alexis
    $1000 10
J. Crew

Alexis
    $1000 20
Cincinnati

Anthony
    $1000 25
the Highland Games

Anthony
    $1000 30
downrange

Triple Stumper

Scores at the first commercial break (after clue 13):

Tom Alexis Anthony
$1,200 $3,200 $2,400

Scores at the end of the Jeopardy! Round:

Tom Alexis Anthony
$4,600 $2,200 $5,200

Double Jeopardy! Round responses

CANADIAN GEOGRAPHY
COWBOY SONGS
AMERICAN POETRY
COLORFUL FOODS
LET'S GET SMALL
MANDARIN CHINESE
    $400 18
Quebec City

Tom
    $400 26
"Laredo"

Tom
    $400 2
Columbus

Tom
    $400 1
red beans

Tom
    $400 13
bacteria

Anthony
    $400 10
(Tom: What is an airplane?)

a train

TomAlexis
    $5,000 19
Prince Edward Island

Tom
    $800 27
Rosa's Cantina

Triple Stumper
    $800 3
(Robert) Frost

Alexis
    $800 7
salmon

Anthony
    $800 14
staining

Triple Stumper
    $800 11
John

Anthony
    $1200 20
Newfoundland

Tom
    $1200 28
the Ghost Riders (in the sky)

Anthony
    $1200 4
the Mayflower

Tom
    $1200 8
blue cheese

Tom
    $1200 15
spores

Anthony
    $1200 12
[The name in the clue was not shown on-screen; it was only spoken aloud by Alex.]

an X

Tom
    $1600 21
(Anthony: What is Alberta?)

(Lake) Louise

TomAnthony
    $1600 5
Annabel Lee

Alexis
    $1600 9
collard greens

Anthony
    $1600 16
an electron microscope

Tom
    $1600 24
is (the verb "to be")

Alexis
    $2000 22
Great Bear Lake

Alexis
    $2000 29
[The end-of-round signal sounds.]

Ragtime Cowboy Joe

Triple Stumper
    $2000 6
E.E. Cummings

Anthony
    $2,000 23
yellowfin

Alexis
    $2000 17
a paramecium

Triple Stumper
    $2000 25
tones

Triple Stumper

Scores at the end of the Double Jeopardy! Round:

Tom Alexis Anthony
$18,800 $10,600 $11,600

[wagering suggestions for these scores]

Final Jeopardy! Round responses

BRITISH ROYALTY
AlexisWhat is your highness?
$4,500
AnthonyWhat is magnus?
$11,600
TomWhat is his majesty?
$4,401
majesty

Final scores:

Tom Alexis Anthony
$23,201 $6,100 $0
2-day champion: $48,002 2nd place: $2,000 3rd place: $1,000

Game dynamics:

Coryat scores:

Tom Alexis Anthony
$14,600 $11,600 $11,600
20 R
(including 1 DD),
2 W
12 R
(including 1 DD),
2 W
(including 1 DD)
18 R,
3 W

Combined Coryat: $37,800

[game clues] [game scores] [suggest correction]

Game tape date: 2010-09-15
The J! Archive is created by fans, for fans. Scraping, republication, monetization, and malicious use prohibited; this site may use cookies and collect identifying information. See terms. The Jeopardy! game show and all elements thereof, including but not limited to copyright and trademark thereto, are the property of Jeopardy Productions, Inc. and are protected under law. This website is not affiliated with, sponsored by, or operated by Jeopardy Productions, Inc. Join the discussion at JBoard.tv.